Formas de países europeos - Estadísticas

Estadísticas generales
  • Esta prueba ha sido intentada 5.124 veces
  • La puntuación promedio es 30 de 45
Estadísticas de respuestas
Imagen Respuesta % Correcto
Francia
99%
Reino Unido
98%
Alemania
95%
España
94%
Noruega
94%
Grecia
93%
Islandia
92%
Italia
92%
Portugal
88%
Croacia
85%
Rusia
85%
Austria
83%
Suecia
80%
Finlandia
75%
Irlanda
74%
Polonia
74%
Dinamarca
71%
Países Bajos
71%
Ucrania
70%
Albania
69%
Mónaco
67%
Malta
65%
Eslovaquia
64%
Serbia
64%
Bosnia y Herzegovina
62%
Suiza
61%
Ciudad del Vaticano
59%
Kosovo
59%
Bielorrusia
57%
Moldavia
57%
Estonia
55%
Rumania
55%
República Checa
53%
Bulgaria
51%
Macedonia del Norte
50%
Letonia
49%
Bélgica
47%
Hungría
46%
Montenegro
43%
Eslovenia
42%
Lituania
41%
Liechtenstein
40%
Luxemburgo
40%
Andorra
37%
San Marino
36%
No se encontraron pruebas coincidentes
Distribución de puntuación
Porcentaje de gente con cada puntuación
Porcentaje por número respondido
Historial de tus puntuaciones
No has intentado esta prueba.